000 01253cam a22003733a 4500
001 13692753
003 OSt
005 20140310184454.0
008 021010s2002 nyua j 000 1 eng d
010 _a 2004596445
020 _a0439429277
035 _a(OCoLC)ocm50765575
040 _aIEU
_cIEU
_dDLC
042 _alccopycat
050 0 0 _aPZ 7
_b.T365b1 2002
100 1 _aThaler, Mike,
_d1936-
_928268
245 1 4 _aThe class trip from the black lagoon /
_cby Mike Thaler ; illustrated by Jared Lee.
260 _aNew York :
_bScholastic,
_c2002.
300 _a64 p. :
_bill. ;
_c20 cm.
440 0 _aLittle apple
_94142
490 0 _aBlack lagoon adventures ;
_v#1
521 1 _aG2
526 _c480
650 0 _aFear
_vJuvenile literature.
_928269
650 0 _aSchools
_vJuvenile literature.
_928270
650 0 _aSchool field trips
_vJuvenile literature.
_928271
700 1 _aLee, Jared D.
_926094
710 2 _aCopyright Paperback Collection (Library of Congress)
_5DLC
_9705
856 4 2 _3Publisher description
_uhttp://www.loc.gov/catdir/description/schol051/2004596445.html
906 _a7
_bcbc
_ccopycat
_d2
_encip
_f20
_gy-genrareb
942 _2lcc
_cBK-SCHOLAS
999 _c34639
_d34639